The idea of higher education / (Record no. 4415)
[ view plain ]
| 000 -LEADER | |
|---|---|
| fixed length control field | 00674nam a22002172 4500 |
| 001 - CONTROL NUMBER | |
| control field | 0000023697 |
| 005 - DATE AND TIME OF LATEST TRANSACTION | |
| control field | 20151217145943.0 |
| 008 - FIXED-LENGTH DATA ELEMENTS--GENERAL INFORMATION | |
| fixed length control field | 130318s xx 000 0 eng d |
| 020 ## - INTERNATIONAL STANDARD BOOK NUMBER | |
| International Standard Book Number | 033509421X : |
| 040 ## - CATALOGING SOURCE | |
| Original cataloging agency | KABU |
| Transcribing agency | KABU |
| 100 1# - MAIN ENTRY--PERSONAL NAME | |
| Personal name | Barnett, Ronald. |
| -- | 0000183352 |
| 245 14 - TITLE STATEMENT | |
| Title | The idea of higher education / |
| Statement of responsibility, etc. | Ronald Barnett. |
| 250 ## - EDITION STATEMENT | |
| Edition statement | 1st ed. |
| 260 ## - PUBLICATION, DISTRIBUTION, ETC. (IMPRINT) | |
| Place of publication, distribution, etc. | Buckingham : |
| Name of publisher, distributor, etc. | Open University Press, |
| Date of publication, distribution, etc. | 1990. |
| 300 ## - PHYSICAL DESCRIPTION | |
| Extent | xii, 244 p. |
| 650 #0 - SUBJECT ADDED ENTRY--TOPICAL TERM | |
| Topical term or geographic name as entry element | Education, higher |
| General subdivision | Aims and objectives. |
| -- | 0000183353 |
| 650 #0 - SUBJECT ADDED ENTRY--TOPICAL TERM | |
| Topical term or geographic name as entry element | Education, higher |
| General subdivision | Philosophy. |
| -- | 0000183354 |
| 852 1# - LOCATION | |
| -- | p1500 KES |
| 908 ## - PUT COMMAND PARAMETER (RLIN) | |
| Put command parameter | 130318 |
| 950 ## - LOCAL HOLDINGS (RLIN) | |
| -- | 1 |
| Withdrawn status | Lost status | Source of classification or shelving scheme | Not for loan | Home library | Current library | Date acquired | Total Checkouts | Total Renewals | Full call number | Barcode | Date last seen | Date last checked out | Price effective from | Koha item type |
|---|---|---|---|---|---|---|---|---|---|---|---|---|---|---|
| Library of Congress Classification | Kabarak, Main Campus | Kabarak, Main Campus | 17/12/2015 | 5 | 1 | LB2322 .B37 1990 c.1 | 014558 | 02/12/2024 | 19/11/2024 | 17/12/2015 | General Collection |